| 000 | 01465cam a2200349 a 4500 | ||
|---|---|---|---|
| 001 | EDZ0000064214 | ||
| 003 | StDuBDS | ||
| 005 | 20161031105148.0 | ||
| 006 | m||||||||d|||||||| | ||
| 007 | cr ||||||||||| | ||
| 008 | 120327s2001 enk fo| 001|0|eng d | ||
| 020 |
_a9781446220511 (ebook) : _cNo price |
||
| 040 |
_aStDuBDS _beng _cStDuBDS _epn |
||
| 049 | _aAlfaisal Main Library | ||
| 050 | 0 |
_aJN1129.L32 _bN497 2001 |
|
| 082 | 0 | 4 |
_a320.94109049 _223 |
| 100 | 1 |
_aNewman, Janet, _d1945- |
|
| 245 | 1 | 0 |
_aModernising governance _h[electronic resource] : _bNew Labour, policy and society / _cJanet Newman. |
| 260 |
_aLondon : _bSAGE, _cc2001. |
||
| 300 | _a1 online resource (viii, 198 p.) | ||
| 504 | _aIncludes bibliographical references and index. | ||
| 520 | 8 | _a'Modernising Governance' examines how policy is being reshaped and public management realigned, and assesses the consequences for relationships between the state and citizen, between government and public services, and between organisations and their users. | |
| 521 | _aSpecialized. | ||
| 588 | _aDescription based on print version record. | ||
| 610 | 2 | 0 | _aLabour Party (Great Britain) |
| 651 | 0 |
_aGreat Britain _xPolitics and government _y1997- |
|
| 655 | 7 |
_aElectronic books. _2local |
|
| 710 | 2 | _aSage eBooks | |
| 776 | 0 | 8 |
_iPrint version : _z9780761969891 |
| 856 | 4 | 0 | _uhttp://ezproxy.alfaisal.edu/login?url=http://sk.sagepub.com/books/modernising-governance |
| 942 |
_2lcc _cEBOOKS |
||
| 999 |
_c480686 _d480686 |
||